Algunas tendencias de las universidades latinoamericanas : (Record no. 1699)

MARC details
000 -CABECERA
campo de control de longitud fija 00637nam a2200205 a 4500
005 - FECHA Y HORA DE LA ÚLTIMA TRANSACCIÓN
campo de control 20250802063830.0
008 - ELEMENTOS DE LONGITUD FIJA--INFORMACIÓN GENERAL
campo de control de longitud fija 991125s1979 mx 000 0 spa u
035 ## - NÚMERO DE CONTROL DEL SISTEMA
Número de control de sistema UPN01000001699
040 ## - FUENTE DE LA CATALOGACIÓN
Centro catalogador/agencia de origen UPN
Lengua de catalogación spa
Centro/agencia transcriptor UPN
049 ## - COLECCIÓN
Colección F
050 #4 - SIGNATURA TOPOGRÁFICA DE LA BIBLIOTECA DEL CONGRESO
Número de clasificación LC171
Número de documento/Ítem L3.2
100 1# - ASIENTO PRINCIPAL--NOMBRE PERSONAL
Nombre de persona Latapí, Pablo,
Fechas asociadas al nombre 1927-2009
9 (RLIN) 28858
245 10 - MENCIÓN DE TÍTULO
Título Algunas tendencias de las universidades latinoamericanas :
Resto del título problemas seleccionados y perspectivas /
Mención de responsabilidad, etc. Pablo Latapí.
260 ## - PUBLICACIÓN, DISTRIBUCIÓN, ETC.
Lugar de publicación, distribución, etc. [París] :
Nombre del editor, distribuidor, etc. AIU :
-- UNESCO,
Fecha de publicación, distribución, etc. [1979?].
300 ## - DESCRIPCIÓN FÍSICA
Extensión 37 p.
500 ## - NOTA GENERAL
Nota general Fotostática
650 #4 - ASIENTO SECUNDARIO DE MATERIA - TERMINO TEMATICO
Término de materia o nombre geográfico como elemento de entrada Educación superior
Subdivisión geográfica América Latina
9 (RLIN) 5753
905 ## - TIPO DE MATERIAL
Tipo de material Libro
942 ## - ELEMENTOS DE PUNTO DE ACCESO ADICIONAL (KOHA)
Fuente del sistema de clasificación o colocación Library of Congress Classification
Tipo de ítem Koha Libro
Holdings
Estado de retiro Estado de pérdida Fuente del sistema de clasificación o colocación Estado dañado No para préstamo Código de colección Localización permanente Ubicación/localización actual Ubicación en estantería Fecha de adquisición Clasificación Código de barras Fecha visto por última vez Número de copia Tipo de ítem Koha
    Library of Congress Classification   Folletos Folletería Bib. Gregorio Torres Quintero Bib. Gregorio Torres Quintero Folletos 03/08/2023 LC171 L3.2 7682F 31/12/2020 1 Libro